[Event "Aegean op 42nd"]
[Site "Aghios Kirykos"]
[Date "2019.07.11"]
[Round "3"]
[White "Bouboulis, Spyridon Odysseys"]
[Black "Marquardt, Christian"]
[Result "1/2-1/2"]
[WhiteElo "1954"]
[BlackElo "2086"]
[PlyCount "70"]
[EventDate "2019.07.09"]
[EventType "swiss"]
[EventRounds "9"]
[EventCountry "GRE"]
[SourceTitle "EXT 2020"]
[Source "ChessBase"]
[SourceDate "2019.10.17"]
[SourceVersion "1"]
[SourceVersionDate "2019.10.17"]
[SourceQuality "1"]

1. Nf3 Nf6 2. c4 c5 3. Nc3 e6 4. g3 b6 5. Bg2 Bb7 6. 0-0 Be7 7. d4 cxd4 8. Qxd4 d6 9. b3 a6 10. h3 Nbd7 11. Bb2 0-0 12. e4 Qc7 13. Rfe1 Rfd8 14. Qe3 Rac8 15. Rac1 Qb8 16. Qe2 Bc6 17. a3 Nc5 18. Nd2 Nfd7 19. b4 Na4 20. Nxa4 Bxa4 21. Kh2 b5 22. Bf1 Bf8 23. Nb1 bxc4 24. Rxc4 Bb5 25. Rxc8 Rxc8 26. Qd1 Nb6 27. Bd4 d5 28. exd5 Nxd5 29. Bg2 Qc7 30. Be4 Qc4 31. Bb2 Qa2 32. Qd2 Nb6 33. Bd4 Qxd2 34. Nxd2 Nd5 35. Nb3 Bd6 1/2-1/2

[Event "Heraklion Gazi op 12th"]
[Site "Malevizi"]
[Date "2016.08.05"]
[Round "9"]
[White "Serpetsidaki, Eva"]
[Black "Bouboulis, Spyridon Odysseys"]
[Result "1/2-1/2"]
[WhiteElo "1745"]
[BlackElo "1909"]
[PlyCount "59"]
[EventDate "2016.07.28"]
[EventType "swiss"]
[EventRounds "9"]
[EventCountry "GRE"]
[SourceTitle "CBM 173 Extra"]
[Source "ChessBase"]
[SourceDate "2016.08.29"]
[SourceVersion "1"]
[SourceVersionDate "2016.08.29"]
[SourceQuality "1"]

1. e4 c5 2. Nf3 e6 3. d4 cxd4 4. Nxd4 a6 5. Bd3 Qc7 6. Qe2 Nc6 7. Nxc6 Qxc6 8. c4 Bc5 9. 0-0 d6 10. a3 Nf6 11. Rd1 0-0 12. Nc3 Nd7 13. b3 Ne5 14. Bc2 Qc7 15. Be3 Bd7 16. Kh1 Rfd8 17. f4 Ng6 18. g3 Rac8 19. Rd3 Bxe3 20. Qxe3 Bc6 21. Rad1 Rd7 22. Kg1 Rcd8 23. Qd2 Qb6+ 24. Kf1 Qc7 25. Qe2 Ne7 26. R1d2 h6 27. Rd4 Ng6 28. R4d3 Ne7 29. Rd4 Ng6 30. R4d3 1/2-1/2

[Event "Nikaia op 22nd"]
[Site "Nikaia"]
[Date "2014.09.01"]
[Round "8"]
[White "Bouboulis, Spyridon Odysseys"]
[Black "Petougias, Georgios"]
[Result "1-0"]
[WhiteElo "1801"]
[BlackElo "1949"]
[PlyCount "103"]
[EventDate "2014.08.26"]
[EventType "swiss"]
[EventRounds "9"]
[EventCountry "GRE"]
[SourceTitle "CBM 162 Extra"]
[Source "ChessBase"]
[SourceDate "2014.10.17"]
[SourceVersion "1"]
[SourceVersionDate "2014.10.17"]
[SourceQuality "1"]

1. d4 Nf6 2. Nf3 g6 3. Bg5 Bg7 4. Nbd2 d5 5. e3 Bf5 6. c4 h6 7. Bxf6 Bxf6 8. cxd5 Qxd5 9. Bc4 Qa5 10. Qb3 0-0 11. Qxb7 Nd7 12. Qb5 Qxb5 13. Bxb5 Rab8 14. Bxd7 Bxd7 15. b3 c5 16. Ne4 Bg7 17. Nxc5 Bb5 18. a4 Bc6 19. 0-0 e6 20. Rab1 a5 21. Rfc1 Rfc8 22. Nd2 Bd5 23. Nc4 Bxc4 24. bxc4 Rxb1 25. Rxb1 e5 26. Rd1 exd4 27. exd4 Bxd4 28. Rxd4 Rxc5 29. Kf1 f5 30. Ke2 Kf7 31. Kd3 Ke6 32. Rd8 Ke5 33. g3 f4 34. Rb8 fxg3 35. fxg3 Rc7 36. Rb5+ Ke6 37. Rxa5 Rd7+ 38. Ke3 Rd1 39. c5 Re1+ 40. Kf2 Rc1 41. h4 h5 42. Ra6+ Kf5 43. Rb6 Ra1 44. Rb4 Rc1 45. a5 Rxc5 46. Ra4 Rc7 47. a6 Ra7 48. Kf3 Ke5 49. Ra5+ Ke6 50. Ke4 Kf6 51. Kd5 g5 52. Kc6 1-0

[Event "Nikaia op 22nd"]
[Site "Nikaia"]
[Date "2014.08.30"]
[Round "6"]
[White "Bouboulis, Spyridon Odysseys"]
[Black "Theotokatos, Dionisis"]
[Result "1-0"]
[WhiteElo "1801"]
[BlackElo "2086"]
[PlyCount "57"]
[EventDate "2014.08.26"]
[EventType "swiss"]
[EventRounds "9"]
[EventCountry "GRE"]
[SourceTitle "CBM 162 Extra"]
[Source "ChessBase"]
[SourceDate "2014.10.17"]
[SourceVersion "1"]
[SourceVersionDate "2014.10.17"]
[SourceQuality "1"]

1. d4 Nf6 2. Nf3 g6 3. Bg5 Bg7 4. Nbd2 d5 5. e3 0-0 6. Bd3 b6 7. 0-0 Bb7 8. Re1 Ne4 9. Bh4 Nd7 10. c3 Qe8 11. Qc2 f5 12. c4 c6 13. Rac1 e6 14. b4 h6 15. Bg3 Nxg3 16. hxg3 Qf7 17. cxd5 exd5 18. e4 c5 19. e5 Qe7 20. bxc5 bxc5 21. dxc5 Rac8 22. Nb3 Rxc5 23. Nxc5 Rc8 24. Nxb7 Rxc2 25. Rxc2 Nxe5 26. Nxe5 Qxb7 27. Rce2 Qb4 28. Nxg6 Bc3 29. Ne7+ 1-0

[Event "Ambelokipi op 138th"]
[Site "Athens"]
[Date "2013.10.19"]
[Round "6"]
[White "Bouboulis, Spyridon Odysseys"]
[Black "Doudaniotis, Dimitrios"]
[Result "0-1"]
[WhiteElo "1739"]
[BlackElo "1828"]
[PlyCount "70"]
[EventDate "2013.09.14"]
[EventType "swiss"]
[EventRounds "7"]
[EventCountry "GRE"]
[SourceTitle "EXT 2024"]
[Source "ChessBase"]
[SourceDate "2023.10.10"]
[SourceVersion "1"]
[SourceVersionDate "2023.10.10"]
[SourceQuality "1"]

1. d4 f5 2. g3 Nf6 3. Bg2 g6 4. Nf3 Bg7 5. 0-0 0-0 6. c4 d6 7. Nc3 Nc6 8. d5 Na5 9. Nd2 Ng4 10. Qc2 b6 11. e3 Rb8 12. Nb5 a6 13. Nd4 e5 14. dxe6 c5 15. Ne2 Bxe6 16. Nf4 Bf7 17. Nd5 Nc6 18. Rb1 Ne7 19. Nxe7+ Qxe7 20. b3 h5 21. Bb2 Bxb2 22. Qxb2 b5 23. Qc2 h4 24. e4 hxg3 25. hxg3 Be6 26. Rfe1 Qh7 27. exf5 Qh2+ 28. Kf1 Bxf5 29. Bd5+ Kh7 30. Re7+ Kh6 31. Ne4 Ne3+ 32. Ke2 Nxc2 33. Nxd6 Bg4+ 34. Kd3 Nb4+ 35. Kc3 Nxd5+ 0-1

[Event "Nikaia op 21st"]
[Site "Nikaia"]
[Date "2013.08.29"]
[Round "4"]
[White "Nemtsas, Hristoforos"]
[Black "Bouboulis, Spyridon Odysseys"]
[Result "1-0"]
[WhiteElo "1909"]
[BlackElo "1739"]
[PlyCount "97"]
[EventDate "2013.08.26"]
[EventType "swiss"]
[EventRounds "9"]
[EventCountry "GRE"]
[SourceTitle "CBM 156 Extra"]
[Source "ChessBase"]
[SourceDate "2013.10.22"]
[SourceVersion "1"]
[SourceVersionDate "2013.10.22"]
[SourceQuality "1"]

1. d4 Nf6 2. c4 e6 3. Nc3 Bb4 4. Qc2 d5 5. a3 Bxc3+ 6. Qxc3 Ne4 7. Qc2 c5 8. dxc5 Nc6 9. cxd5 exd5 10. Nf3 Qf6 11. e3 Bg4 12. Be2 0-0 13. 0-0 Rfe8 14. b4 Bxf3 15. Bb2 Ne5 16. Bxe5 Rxe5 17. Bxf3 Rae8 18. Rac1 Rg5 19. Kh1 Rg6 20. b5 Re6 21. Rfd1 Rh6 22. Rxd5 Qh4 23. h3 f5 24. Bxe4 fxe4 25. Rcd1 Rhf6 26. Rd8+ Kf7 27. R1d7+ Re7 28. Qc4+ Rfe6 29. Rxe7+ Qxe7 30. Rd6 g6 31. Kh2 Kf6 32. Rxe6+ Qxe6 33. Qxe6+ Kxe6 34. Kg3 Kd5 35. Kf4 Kxc5 36. Kxe4 Kxb5 37. Kd5 Ka4 38. e4 Kxa3 39. e5 b5 40. e6 b4 41. e7 b3 42. e8Q b2 43. Qe7+ Kb3 44. Qxa7 b1Q 45. Qb7+ Kc2 46. Qxb1+ Kxb1 47. f4 Kc2 48. g4 Kd3 49. f5 1-0

[Event "Nikaia op 19th"]
[Site "Nikaia"]
[Date "2011.09.01"]
[Round "8"]
[White "Arnaoutoglou, Vyron"]
[Black "Bouboulis, Spyridon Odysseys"]
[Result "1-0"]
[WhiteElo "1732"]
[BlackElo "1669"]
[PlyCount "103"]
[EventDate "2011.08.26"]
[EventType "swiss"]
[EventRounds "9"]
[EventCountry "GRE"]
[SourceTitle "CBM 144 Extra"]
[Source "ChessBase"]
[SourceDate "2011.10.28"]
[SourceVersion "1"]
[SourceVersionDate "2011.10.28"]
[SourceQuality "1"]

1. d4 Nf6 2. c4 e6 3. Nc3 Bb4 4. Qc2 d5 5. e3 0-0 6. Nf3 c5 7. a3 Bxc3+ 8. bxc3 Nbd7 9. cxd5 exd5 10. a4 Re8 11. c4 cxd4 12. Nxd4 dxc4 13. Bxc4 Nb6 14. Be2 Bg4 15. f3 Rc8 16. Qb3 Be6 17. Nxe6 Rxe6 18. a5 Qd5 19. Qxd5 Nbxd5 20. e4 Nc3 21. Bd3 Nfd5 22. Bd2 Nb4 23. Bb1 Nxb1 24. Rxb1 Nc2+ 25. Kf2 Rd6 26. Bf4 Ra6 27. Rxb7 Rxa5 28. Rd1 Ra2 29. Kg3 f6 30. Rdd7 Kh8 31. Rxg7 Rg8 32. Bh6 Ne1 33. Kh3 Rxg7 34. Bxg7+ Kg8 35. Bxf6 Rxg2 36. Bh4 Re2 37. Bxe1 Rxe1 38. Rxa7 Re3 39. Kg4 Re2 40. h4 Rg2+ 41. Kf4 Rh2 42. Kg3 Rc2 43. e5 Rc5 44. f4 h5 45. Kf3 Rc3+ 46. Ke4 Rh3 47. e6 Kf8 48. Ke5 Re3+ 49. Kf6 Kg8 50. e7 Kh8 51. Ra8+ Kh7 52. e8Q 1-0